Stochastičeskije differencial'nyje sistemy

Gespeichert in:
Bibliographische Detailangaben
1. Verfasser: Pugačev, Vladimir Semenovič
Weitere Verfasser: Sinicin, Igor Nikolajevič
Format: Buch
Sprache:Russisch
Veröffentlicht: Moskva Nauka 1985
Ausgabe:1. izd.
Tags: Tag hinzufügen
Keine Tags, Fügen Sie das erste Tag hinzu!

MARC

LEADER 00000nam a2200000 4500
001 c024713
005 20221220082353.1
041 0 |a rus 
044 |a RU 
245 1 0 |a Stochastičeskije differencial'nyje sistemy  |c Vladimir Semenovič Pugačev, Igor Nikolajevič Sinicin 
250 |a 1. izd. 
264 1 |a Moskva  |b Nauka  |c 1985 
300 |a 556 s. 
100 1 |a Pugačev, Vladimir Semenovič 
700 1 |a Sinicin, Igor Nikolajevič